Scripta Ethnológica /

Guardado en:
Autor Corporativo: Centro Argentino de Etnología Americana
Formato: Revista
Idioma:Spanish
English
Publicado: Buenos Aires : El Centro, 1973- .
Materias:
Etiquetas: Agregar Etiqueta
Sin Etiquetas, Sea el primero en etiquetar este registro!
LEADER 00702nas a2200205 4500
001 CARPC.003204
005 20080606161601.0
008 040212c19739999ag##|#p#######0###b0spa||
022 |a 0325-66698 
210 0 |a Scr. ethnol. (B. Aires) 
041 0 |a spa  |a eng 
245 0 0 |a Scripta Ethnológica /  |c Centro Argentino de Etnología Americana. 
260 |a Buenos Aires :  |b El Centro,  |c 1973- . 
310 |a Irregular. 
362 0 |a Vol. 1, no. 1 (1973)- . 
710 2 |a Centro Argentino de Etnología Americana 
653 |a Antropologia 
653 |a Etnologia 
653 |a Argentina 
866 |9 EHU  |a 1975 3(2); 1976; 1977 4(2); 1978 5; 1981-1984 6-8; 1986 10. 1982 (1) S; 1983 (2) S; 1983 (3) S; 1983 (4) S  |s 572/Sc34